00427nam a2200145Ia 4500008004100000020001500041041000800056082001700064100002200081245009300103250000600196260004400202300001200246650002300258210716s1992 xx 000 0 und d a0195073479 aeng a658.834 SCIT aScitovsky, Tibor. aJoyless economiy: psychology of human satisfaction.bPsychology of human satisfaction. a1 aNew YorkbOxford University Pressc1992 axiv,334 aMarketing Research